02033cam a22004934i 4500003000900000005001700009008004100026020001500067020001800082035002000100049000900120082002400129245012200153264006800275300004500343336002100388337002500409338002300434504003300457505027100490526001000761526001000771526001000781526001000791526000800801526000800809526000800817526000800825526000800833526000800841526000800849650005000857650004800907700002800955700003600983700002901019910002801048942001401076994001401090596000601104999018901110980005501299952018501354PE-LiUPU20250731173111.0181226s2018 miu r 001 0 eng  a1940980240 a9781940980249 a(Sirsi) a251153 aPRUA04a234.0882867bS122300aSalvation :bcontours of Adventist soteriology /cedited by Martin F. Hanna, Darius W. Jankiewicz, and John W. Reeve. 1aBerrien Springs, Michigan :bAndrews University Press,c[2018]. axiii, 464 páginas ;c23 centímetros. atext2rdacontent aunmediated2rdamedia avolume2rdacarrier aÍndice: páginas 443-464.0 aGod's plan in Christ : is salvation for everyone? -- The sin problem : are humans born in need of a savior? --Jesus saves : aperfect solution? -- Amazing grace : can believers earn their salvation? -- Blessed assurance : can believers be sure about their salvation?. aSEG42 aSEG41 aSEG40 aSEG39 aP94 aP87 aP86 aP85 aP77 aP76 aP3504aSalvaciónxAdventistas del séptimo día.04aAdventistas del séptimo díaxDoctrinas.1 aMartin, Hanna,eeditor.1 aJankiewicz, Darius W.,eeditor.1 aReeve, John W.,eeditor. adbmbsagcsagd20181226 2ddccBOOK aC0bPEPRU a1 a234.0882867 S1wDEWEYc30600i79435d30600e2019-2-1f2021-11-10g3lCCODEBUL1mBULn1p25.49q4r0sYtBOOKu2018-12-26xTEOLOGIAPP850COMPRA1FCOMPR2o.STAFF. Colección Teología 81gALBERTO SANCHEZ Responsable de Automatización r2026-04-08 13:11:46i4l2o234.0882867 S1p79435s2026-04-06te1v30.49w2018-12-26xPGyBKzinventario-2023-12-13102ddc50708GENfP85aBULbBULcGENd2018-12-26eCOMPRAg25.49